Mao's way : (Record no. 201306)

MARC details
000 -LEADER
fixed length control field 00655nam a2200229Ia 4500
003 - CONTROL NUMBER IDENTIFIER
control field OSt
005 - DATE AND TIME OF LATEST TRANSACTION
control field 20240626114510.0
008 - FIXED-LENGTH DATA ELEMENTS--GENERAL INFORMATION
fixed length control field 210716s1974 xx 000 0 und d
020 ## - INTERNATIONAL STANDARD BOOK NUMBER
International Standard Book Number 0520026233
040 ## - CATALOGING SOURCE
Transcribing agency AIMIT LIBRARY
041 ## - LANGUAGE CODE
Language code of text/sound track or separate title eng
082 ## - DEWEY DECIMAL CLASSIFICATION NUMBER
Classification number 374.22
Edition number 1
Item number RICE
100 ## - MAIN ENTRY--PERSONAL NAME
Personal name Rice, Edward E.
9 (RLIN) 171745
245 ## - TITLE STATEMENT
Title Mao's way :
Statement of responsibility, etc. By Edward E Rice.
250 ## - EDITION STATEMENT
Edition statement 1st ed.
260 ## - PUBLICATION, DISTRIBUTION, ETC.
Place of publication, distribution, etc. London :
Name of publisher, distributor, etc. University of california press ,
Date of publication, distribution, etc. 1974.
300 ## - PHYSICAL DESCRIPTION
Extent 613p. ;
Other physical details PB
Dimensions 23.2 cm
650 ## - SUBJECT ADDED ENTRY--TOPICAL TERM
Topical term or geographic name entry element United front and civil war
9 (RLIN) 171746
650 ## - SUBJECT ADDED ENTRY--TOPICAL TERM
Source of heading or term The red guard rebellion
650 ## - SUBJECT ADDED ENTRY--TOPICAL TERM
Topical term or geographic name entry element The shanghai storm
9 (RLIN) 171747
942 ## - ADDED ENTRY ELEMENTS (KOHA)
Source of classification or shelving scheme Dewey Decimal Classification
Koha item type Book
Edition 1st
Call number prefix 374.22 RICE
Holdings
Withdrawn status Lost status Source of classification or shelving scheme Damaged status Not for loan Collection code Home library Current library Date acquired Inventory number Total Checkouts Full call number Barcode Date last seen Price effective from Koha item type
    Dewey Decimal Classification     MBA St Aloysius Institute of Management & Information Technology St Aloysius Institute of Management & Information Technology 07/13/2006 Bill no:; Bill dt:1900-01-00   374.22 RICE MBA03872 05/23/2026 07/16/2021 Book